Ana [juego] : puzzle /

Guardado en:
Formato: Objeto Físico
Publicado: Argentina : Joker, c1985.
Materias:
Etiquetas: Agregar Etiqueta
Sin Etiquetas, Sea el primero en etiquetar este registro!
LEADER 00571nrm a22001575g 4500
001 CEM.cems019250
008 130507s1985##################0###0#####d
005 20220830101143.0
003 CEMS
245 0 0 |a Ana [juego] :  |b puzzle /  |c Drawing Board 
260 |a Argentina :  |b Joker,  |c c1985. 
300 |a 1 juego ( 160 piezas de cartón duro) ; en caja 24 x 35 x 5 cm. 
500 |a Para 1 o más jugadores a partir de 4 años objetivo: armar el puzzle o rompecabezas. 
082 0 4 |a J793.73 
653 |a 1. juegos de rompecabezas 
859 |a CEMS  |b BIB. CEMS - Ludoteca  |h J793.73  |i D797  |p 324.06  |t Ej.1